| 000 | 00429nam a2200157 a 4500 | ||
|---|---|---|---|
| 005 | 20140412111313.0 | ||
| 008 | 110120s19uu xx 00 eng d | ||
| 020 | _a971-508-181-9 | ||
| 050 |
_aFil E _bPa19 2008 |
||
| 100 | _aTejido, Jose Miguel | ||
| 245 |
_aAng Pambihirang sombrero / _cJose Miguel Tejido. |
||
| 260 |
_aPhils : _bAdarna house, _c2008. |
||
| 300 | _aunp. | ||
| 440 | _aA book in 2 languages | ||
| 999 |
_c104105 _d104105 |
||